| 000 | 00383nam a2200145Ia 4500 | ||
|---|---|---|---|
| 008 | 150201s2010 xx 000 0 und d | ||
| 082 |
_a617.6342 _bI2010S |
||
| 100 | _aSIKRI, VIMAL | ||
| 245 | _aINDIRECT RESTORATION | ||
| 250 | _a1ST | ||
| 260 |
_bQUINTESSENCE PUBLICATION _aCHICAGO _c2010 |
||
| 300 | _a1-238 | ||
| 650 | _aCONSERVATIVE DENTISTRY & ENDODONTICS | ||
| 942 |
_2ddc _cBK _01 |
||
| 999 |
_c4476 _d4476 |
||